| 000 | 00938nam a2200277 i 4500 | ||
|---|---|---|---|
| 003 | EG-GICUC | ||
| 005 | 20260506155900.0 | ||
| 008 | 260506s1933 fr ||||fr|||| 00| 0 fre d | ||
| 040 |
_aEG-GiCUC _bfre _cEG-GiCUC _dEG-GiCUC _eRda |
||
| 082 | 0 | 4 |
_221 _a345.3131 _bMO . R |
| 092 | 0 | 4 | _221 |
| 099 | _aLaw1 07 345.3131 MO . R 1933 | ||
| 100 | 1 |
_aMosse, Armand _eAuteur |
|
| 245 | 1 | 3 |
_aLa Réglementation Des Régies Municipales : _bPrecedee D'un Commentaire De La Jurisprudence / _cArmand Mosse. |
| 264 | 1 |
_aParis : _bLibrairie Du Recueil Sirey, _c1933. |
|
| 300 |
_a96 page : _billustration ; _c 24 cm. |
||
| 336 |
_2rda contenu _a texte |
||
| 337 |
_2rda medias _aOrdinateur |
||
| 338 |
_2 transporteur rda _a Ressource en ligne |
||
| 546 | _aTexte en français | ||
| 650 | 1 | 4 |
_aDroit administratif _2 |
| 651 | 1 | _2 | |
| 856 | 4 | 0 | _uhttps://fll.law.cu.edu.eg/fulltext/bks/B07-05340.pdf |
| 905 | _a50 | ||
| 942 |
_2ddc _cBK _e21 _n0 |
||
| 999 |
_c76030 _d76030 |
||